[Event "Treviso op-B 1st"]
[Site "Treviso"]
[Date "2017.03.18"]
[Round "2.4"]
[White "Negro, Raffaele"]
[Black "Canali, Andrea"]
[Result "0-1"]
[WhiteElo "1851"]
[BlackElo "1911"]
[PlyCount "74"]
[EventDate "2017.03.17"]
[EventType "swiss"]
[EventRounds "5"]
[EventCountry "ITA"]
[SourceTitle "EXT 2024"]
[Source "ChessBase"]
[SourceDate "2023.10.10"]
[SourceVersion "1"]
[SourceVersionDate "2023.10.10"]
[SourceQuality "1"]

1. d4 e6 2. Bf4 f5 3. Nf3 Nf6 4. e3 g6 5. h4 Bg7 6. Be2 d6 7. Nc3 Qe7 8. Qd3 Nc6 9. e4 e5 10. Bg5 fxe4 11. Nxe4 exd4 12. 0-0-0 Qxe4 13. Bxf6 Qf4+ 14. Qd2 Qxd2+ 15. Rxd2 Bxf6 16. Bc4 Bf5 17. Re1+ Kd7 18. Red1 Rae8 19. Bb5 Bg4 20. Rd3 Rhf8 21. Rh1 Bxf3 22. Rxf3 Be5 23. Rxf8 Rxf8 24. f3 a6 25. Ba4 b5 26. Bb3 Na5 27. Bd5 c6 28. Be4 d5 29. Bd3 c5 30. b3 c4 31. bxc4 bxc4 32. Be2 Rb8 33. Kd2 Bf4+ 34. Ke1 Bg3+ 35. Kd2 c3+ 36. Kd3 Nc6 37. Rh3 Re8 0-1

[Event "Verona Province-ch"]
[Site "Zevio Verona"]
[Date "2014.01.26"]
[Round "6"]
[White "Paoli, Walter"]
[Black "Negro, Raffaele"]
[Result "1-0"]
[WhiteElo "1999"]
[BlackElo "1802"]
[PlyCount "67"]
[EventDate "2014.01.18"]
[EventType "swiss"]
[EventRounds "6"]
[EventCountry "ITA"]
[SourceTitle "EXT 2015"]
[Source "ChessBase"]
[SourceDate "2014.11.20"]
[SourceVersion "1"]
[SourceVersionDate "2014.11.20"]
[SourceQuality "1"]

1. e4 b6 2. d4 Bb7 3. Bd3 Nf6 4. Qe2 Nc6 5. c3 e5 6. d5 Ne7 7. Nh3 Ng6 8. 0-0 Bc5 9. Nd2 0-0 10. Nb3 Bd6 11. f4 exf4 12. Nxf4 Nxf4 13. Bxf4 Bxf4 14. Rxf4 Re8 15. Qf3 Qe7 16. Nd4 d6 17. Rf1 Bc8 18. h3 Bd7 19. g4 Rf8 20. g5 Ne8 21. Qh5 g6 22. Qh4 Ng7 23. Be2 a5 24. Kh1 a4 25. a3 Ra5 26. Qh6 Nh5 27. Bxh5 gxh5 28. Qxh5 Qe5 29. Rh4 Qg7 30. Rf6 Re8 31. Rh6 Kf8 32. Rxh7 Qg6 33. Qxg6 fxg6 34. Rxd7 1-0

[Event "Basso Veronese op 6th"]
[Site "Casaleone"]
[Date "2013.05.18"]
[Round "3"]
[White "Rondelli, Roberto"]
[Black "Negro, Raffaele"]
[Result "0-1"]
[WhiteElo "1729"]
[BlackElo "1838"]
[PlyCount "82"]
[EventDate "2013.05.17"]
[EventType "swiss"]
[EventRounds "5"]
[EventCountry "ITA"]
[SourceTitle "EXT 2014"]
[Source "ChessBase"]
[SourceDate "2013.11.20"]
[SourceVersion "1"]
[SourceVersionDate "2013.11.20"]
[SourceQuality "1"]

1. Nf3 b6 2. d4 Bb7 3. Bf4 d6 4. Nbd2 g6 5. e4 Bg7 6. c3 Nd7 7. Qc2 e6 8. Bc4 Ne7 9. 0-0 h6 10. b4 a6 11. a4 g5 12. Be3 Ng6 13. a5 b5 14. Bd3 e5 15. d5 Nf4 16. c4 Nxd3 17. Qxd3 bxc4 18. Nxc4 0-0 19. Rab1 Qe7 20. Bd2 f5 21. Ne3 fxe4 22. Qxe4 Nf6 23. Qc4 Qf7 24. Rfc1 Rfc8 25. b5 Bxd5 26. Nxd5 Qxd5 27. Qxd5+ Nxd5 28. b6 cxb6 29. axb6 Rxc1+ 30. Bxc1 Rb8 31. b7 Nc3 32. Rb2 e4 33. Ne1 Nb5 34. Ra2 Rxb7 35. Rxa6 d5 36. g3 d4 37. Re6 Nc3 38. Bd2 Kf7 39. Rc6 Rb2 40. Bxc3 dxc3 41. Kf1 Bd4 0-1

[Event "Verona Province-ch"]
[Site "Zevio Verona"]
[Date "2013.01.13"]
[Round "2"]
[White "Luciani, Valerio"]
[Black "Negro, Raffaele"]
[Result "1/2-1/2"]
[WhiteElo "2227"]
[BlackElo "1826"]
[PlyCount "54"]
[EventDate "2013.01.12"]
[EventType "swiss"]
[EventRounds "6"]
[EventCountry "ITA"]
[SourceTitle "EXT 2024"]
[Source "ChessBase"]
[SourceDate "2023.10.10"]
[SourceVersion "1"]
[SourceVersionDate "2023.10.10"]
[SourceQuality "1"]

1. c4 e5 2. Nc3 Nc6 3. g3 g6 4. Bg2 Bg7 5. e3 f5 6. Nge2 Nf6 7. 0-0 0-0 8. d3 d6 9. f4 Be6 10. Rb1 Rb8 11. b3 Qd7 12. fxe5 dxe5 13. d4 exd4 14. exd4 Bf7 15. d5 Ne5 16. Be3 a6 17. Bd4 Rfe8 18. h3 b5 19. Bxe5 Rxe5 20. Nd4 Re3 21. Nce2 Rbe8 22. Kh2 Nh5 23. Rf3 Qd6 24. Ne6 Rxf3 25. Bxf3 Bxe6 26. Bxh5 Bf7 27. Bf3 Re3 1/2-1/2